LIBRARY ONLINE CATALOGUE

Business information systems : (Record no. 5613)

MARC details
000 -LEADER
fixed length control field 00891cam a22002532 4500
001 - CONTROL NUMBER
control field 0000002048
005 - DATE AND TIME OF LATEST TRANSACTION
control field 20151217151838.0
008 - FIXED-LENGTH DATA ELEMENTS--GENERAL INFORMATION
fixed length control field 070402s xx 000 0 eng d
020 ## - INTERNATIONAL STANDARD BOOK NUMBER
International Standard Book Number 027365540x :
Terms of availability KES 5062/17
040 ## - CATALOGING SOURCE
Original cataloging agency KABU
Transcribing agency KABU
050 #0 - LIBRARY OF CONGRESS CALL NUMBER
Classification number HF54.56
Item number .B87 2003
245 10 - TITLE STATEMENT
Title Business information systems :
Remainder of title technology, development and management for the e-business /
Statement of responsibility, etc. Paul Bocij ... [et al.]
250 ## - EDITION STATEMENT
Edition statement 2nd ed.
260 ## - PUBLICATION, DISTRIBUTION, ETC. (IMPRINT)
Place of publication, distribution, etc. Harlow, England :
Name of publisher, distributor, etc. Prentice Hall,
Date of publication, distribution, etc. 2003.
300 ## - PHYSICAL DESCRIPTION
Extent xxiv, 736 p.
650 #0 - SUBJECT ADDED ENTRY--TOPICAL TERM
Topical term or geographic name as entry element Business
General subdivision Computer network resources.
-- 0000151263
650 #0 - SUBJECT ADDED ENTRY--TOPICAL TERM
Topical term or geographic name as entry element Business information services.
-- 0000178787
650 #0 - SUBJECT ADDED ENTRY--TOPICAL TERM
Topical term or geographic name as entry element Electronic commerce.
-- 0000148142
700 1# - ADDED ENTRY--PERSONAL NAME
Personal name Bocij, Paul.
-- 0000151264
908 ## - PUT COMMAND PARAMETER (RLIN)
Put command parameter 070402
950 ## - LOCAL HOLDINGS (RLIN)
-- 1
Holdings
Withdrawn status Lost status Source of classification or shelving scheme Not for loan Home library Current library Date acquired Total Checkouts Full call number Barcode Date last seen Date last checked out Price effective from Koha item type
    Library of Congress Classification   Kabarak, Main Campus Kabarak, Main Campus 17/12/2015 1 HF54.56 .B87 2003 c.1 001211 02/08/2024 15/07/2016 17/12/2015 General Collection
    Library of Congress Classification   Kabarak, Main Campus Kabarak, Main Campus 17/12/2015 1 HF54.56 .B87 2003 c.2 001212 17/10/2016 15/07/2016 17/12/2015 General Collection